Conquista de las Islas Malucas (Record no. 157541)

MARC details
000 -LEADER
campo de control de longitud fija 01169nam a2200229 i 4500
001 - NÚMERO DE CONTROL
campo de control 157541
003 - IDENTIFICADOR DE NÚMERO DE CONTROL
campo de control ES-MaACL
005 - FECHA Y HORA DE LA ÚLTIMA TRANSACCIÓN
campo de control 20250626063204.0
008 - DATOS DE LONGITUD FIJA--INFORMACIÓN GENERAL
campo de control de longitud fija 940202s1891 sp |||| | spa d
100 1# - ENTRADA PRINCIPAL--NOMBRE DE PERSONA
Nombre de persona Leonardo de Argensola, Bartolomé,
Fechas asociadas al nombre 1562-1631
9 (RLIN) 71674
245 10 - MENCIÓN DEL TÍTULO
Título Conquista de las Islas Malucas
Resto del título : al rey Felipe tercero nuestro señor. /
Mención de responsabilidad, etc. escrita por Bartolomé Leonardo de Argensola.
260 ## - PUBLICACIÓN, DISTRIBUCIÓN, ETC.
Lugar de publicación, distribución, etc. Zaragoza :
Nombre del editor, distribuidor, etc. [s.n.],
Fecha de publicación, distribución, etc. 1891 (
Fabricante Imp. del Hospicio Provincial)
300 ## - DESCRIPCIÓN FÍSICA
Extensión CLXIII, 407 p. ;
Dimensiones 20 cm.
490 1# - MENCIÓN DE SERIE
Mención de serie Biblioteca de escritores aragoneses / publicada por la Diputación Provincial de Zaragoza. Sección Literaria ;
Designación de volumen o secuencia 6
505 8# - NOTA DE CONTENIDO CON FORMATO
Nota de contenido con formato Contiene: Estudio literario sobre Bartolomé Leonardo de Argensola (p. XV-CLVIII)
530 ## - NOTA DISPONIBLE DE FORMULARIO FÍSICO ADICIONAL
Nota de formato físico adicional disponible Disponible en formato digital.
651 #4 - PUNTO DE ACCESO ADICIONAL DE MATERIA--NOMBRE GEOGRÁFICO
Nombre geográfico Molucas-
Subdivisión general Historia.
9 (RLIN) 169507
830 0# - PUNTO DE ACCESO ADICIONAL DE SERIE-TÍTULO UNIFORME
Título uniforme Biblioteca de escritores aragoneses / publicada por la Diputación Provincial de Zaragoza. Sección Literaria ;
Designación de volumen o secuencia 6
9 (RLIN) 221799
852 ## - LOCALIZACIÓN
Ubicación ES-MaACL
Número de control de estantería B-1396
Nota libre - Enc. pasta española
856 ## - LOCALIZACIÓN Y ACCESO ELECTRÓNICOS
Identificador Uniforme de Recursos <a href="http://bdh-rd.bne.es/viewer.vm?id=0000001049&page=1 ">http://bdh-rd.bne.es/viewer.vm?id=0000001049&page=1 </a>
Nota pública Biblioteca Digital Hispánica
Holdings
Estatus retirado Estado de pérdida Estado de daño No para préstamo Colección Biblioteca de origen Biblioteca actual Ubicación en estantería Fecha de adquisición Fuente de adquisición Total de préstamos Signatura topográfica completa Código de barras Visto por última vez Precio de reemplazo Tipo de ítem Koha
        Colección digital Biblioteca del Ateneo de Madrid Biblioteca del Ateneo de Madrid Sala Pardo Bazán 17/01/2008     B-1396 1164862 23/02/2023 23/02/2023 Libro impreso antiguo